Guía del profesor: ciencias sociales 7§
Salvato in:
| Autori principali: | , , , , |
|---|---|
| Natura: | Libro |
| Lingua: | spagnolo |
| Pubblicazione: |
Madrid
Anaya
1982
|
| Soggetti: | |
| Tags: |
Aggiungi Tag
Nessun Tag, puoi essere il primo ad aggiungerne!!
|
MARC
| LEADER | 00000nam a2200000 a 4500 | ||
|---|---|---|---|
| 001 | UCN9361 | ||
| 003 | CL-VaPUC | ||
| 008 | 011130e19820000SP |||||||||||||||||spa|d | ||
| 082 | 0 | 4 | |a 372.83 |b PRA |2 21 |
| 100 | 0 | |a Prats Cuevas, Joaquim |e author |9 465932 | |
| 700 | 0 | |a Castello, J. Emilio |e author |9 465933 | |
| 700 | 0 | |a Camino García, María |e author |9 465934 | |
| 700 | |a Izuzquiza Otero, Ignacio |e author |9 492540 | ||
| 700 | 0 | |a Loste, María Antonia |e author |9 465936 | |
| 245 | 1 | 0 | |a Guía del profesor: ciencias sociales 7§ |
| 300 | |a 179 p | ||
| 942 | |c BK | ||
| 945 | |d 20011130 00:00:00 |a crobeson | ||
| 260 | |a Madrid |b Anaya |c 1982 | ||
| 650 | 0 | |a Enseñanza de las ciencias sociales |9 337823 | |
| 650 | 0 | |a Métodos de enseñanza |9 270413 | |
| 650 | 0 | |a Enseñanza de la historia |9 307330 | |
| 583 | |a last modification |c 20011130 00:00:00 |k Rodrigo Vera | ||
| 999 | |c 298800 |d 298798 | ||
| 952 | |0 0 |1 0 |4 0 |6 372_830000000000000_PRA_1982 |7 0 |8 A |9 354732 |a BIBHIS |b BIBHIS |d 2019-11-21 |i 3776026 |o 372.83 PRA 1982 |p 3776026 |r 2025-01-20 |w 2019-11-21 |y BK |k HIS | ||